00974nam a22002537a 4500003000500000005001700005008004100022010001100063011001100074035001100085040000900096100003000105245015600135260004000291500006000331502008500391650002700476650003000503650002600533650003700559650002400596650003600620856006400656CHAP20230911124126.0110809s2011 mx r 00011 spa d a101760 a102732 a113421 cCHAP1 aReyes Pérez, Enriqueta.10aTolerancia de frutos de tuna (Opuntia ficus-indica Mill.) a baja disponibilidad de oxígeno en postcosechah[En línea]c/por Enriqueta Reyes Pérez aChapingo, Méx. :bEl autor,c2011 aPara ver el contenido del material haga clic en la liga aTesis (Ing. Agroindustrial) -- UACH. Departamento de Ingeniería Agroindustrial17aOpuntia ficus-indica214aTratamiento anaeróbico.14aTunaxAlmacenamiento.14aTunaxConservación por frío.14aTunaxMaduración.14aTunaxTecnología postcosecha. 3Finding aiduhttp://10.13.5.2/tesis/113421.pdfzTeclea aqui